Southville International School and Colleges
Your cart is empty.
  • Cart
  • Lists
    Public lists Eva Luna New books Lux_list list_1
    Your lists Log in to create your own lists
  • Log in to your account
  • Your cookies
  • Search history
Southville International School and Colleges
  • Advanced search
  • Recent comments
  • Most popular
  • Libraries

Log in to your account

Log in with GOOGLE


If you do not have an external account, but do have a local account, you can still log in:

  1. Home
  2. MARC view: Community organizing participatory action research for community health development :
Normal view MARC view ISBD view

Community organizing participatory action research for community health development : (Record no. 39089)

[ view plain ]
MARC details
000 -LEADER
fixed length control field 00908cam a22003015a 4500
001 - CONTROL NUMBER
control field 15877971
003 - CONTROL NUMBER IDENTIFIER
control field OSt
005 - DATE AND TIME OF LATEST TRANSACTION
control field 20140311162957.0
008 - FIXED-LENGTH DATA ELEMENTS--GENERAL INFORMATION
fixed length control field 090823s2008 ph a b 000 0 eng
010 ## - LIBRARY OF CONGRESS CONTROL NUMBER
LC control number 2009316800
020 ## - INTERNATIONAL STANDARD BOOK NUMBER
International Standard Book Number 9789715847551
020 ## - INTERNATIONAL STANDARD BOOK NUMBER
International Standard Book Number 9789717560267
040 ## - CATALOGING SOURCE
Original cataloging agency DLC
Transcribing agency DLC
Modifying agency DLC
042 ## - AUTHENTICATION CODE
Authentication code lcode
043 ## - GEOGRAPHIC AREA CODE
Geographic area code a-ph---
050 ## - LIBRARY OF CONGRESS CALL NUMBER
Classification number RA 425
Item number .J61 2008
100 1# - MAIN ENTRY--PERSONAL NAME
Personal name Jimenez, Carmen E.
245 10 - TITLE STATEMENT
Title Community organizing participatory action research for community health development :
Remainder of title helping people grow and glow /
Statement of responsibility, etc Carmen Jimenez.
260 ## - PUBLICATION, DISTRIBUTION, ETC. (IMPRINT)
Place of publication, distribution, etc Quezon City :
Name of publisher, distributor, etc C & E Pub.,
Date of publication, distribution, etc 2008.
300 ## - PHYSICAL DESCRIPTION
Extent xiv, 244 p. :
Other physical details ill. (some col.) ;
Dimensions 22 cm.
650 ## - SUBJECT ADDED ENTRY--TOPICAL TERM
Topical term or geographic name as entry element Community Health Development.
906 ## - LOCAL DATA ELEMENT F, LDF (RLIN)
a 7
b ibc
c origode
d 3
e ncip
f 20
g y-gencatlg
942 ## - ADDED ENTRY ELEMENTS (KOHA)
Source of classification or shelving scheme Library of Congress Classification
Koha item type Books
Call number prefix Local
Holdings
Withdrawn status Lost status Source of classification or shelving scheme Damaged status Home library Current library Shelving location Date acquired Source of acquisition Total Checkouts Full call number Barcode Date last seen Date checked out Copy number Price effective from Koha item type
    Library of Congress Classification   College Library College Library General Circulation Section 12/14/2013 Donation 1 RA 425 .J61 2008 C13796 05/15/2018 11/17/2014 3 12/14/2013 Books

Community organizing participatory action research for community health development :

APA

Jimenez C. E., . (2008). Community organizing participatory action research for community health development. Quezon City: C & E Pub.

Chicago

Jimenez Carmen E, . 2008. Community organizing participatory action research for community health development. Quezon City: C & E Pub.

Harvard

Jimenez C. E., . (2008). Community organizing participatory action research for community health development. Quezon City: C & E Pub.

MLA

Jimenez Carmen E, . Community organizing participatory action research for community health development. Quezon City: C & E Pub. 2008.

  • Place hold
  • Print
  • Cite
  • Add to your cart (remove)
  • Save record
    BIBTEX Dublin Core MARCXML MARC (non-Unicode/MARC-8) MARC (Unicode/UTF-8) MARC (Unicode/UTF-8, Standard) MODS (XML) RIS
  • More searches
    Search for this title in:
    Other Libraries (WorldCat) Other Databases (Google Scholar) Online Stores (Bookfinder.com) Open Library (openlibrary.org)

Exporting to Dublin Core...

SOUTHVILLE LIBRARY

Southville International School and Colleges Library

1281 Tropical Ave. Cor. Luxembourg St., BF Homes International, Las Pinas City

Tel. No. 8256374 / 252358 Loc. 117/146

Powered by Koha